| 000 | 00767nam a2200193 4500 | ||
|---|---|---|---|
| 005 | 20240530110549.0 | ||
| 008 | 160618s2014 ua ||||g |||| 00| 0 ara d | ||
| 017 |
_a2013/17170 _bمصر. دار الكتب المصرية |
||
| 040 | _aEG-CaGPL | ||
| 082 | 0 | 4 |
_a411.5/ _bا ت _221 |
| 100 | 0 | _aابراهيم خليفة شعلان | |
| 245 | 1 | 0 |
_aتاثيرات اجنبية فى علم الصوتيات العربية / _cابراهيم خليفة شعلان |
| 250 | _aط. 1. | ||
| 260 |
_aالجيزة : _bعين للدراسات والبحوث الانسانية والاجتماعية، _c2014 |
||
| 300 |
_a106 ص. ؛ _c24 سم. |
||
| 650 | 0 | 4 | _aالاصوات اللغوية العربية |
| 942 |
_2ddc _cBK |
||
| 999 |
_c62420 _d62420 |
||